000 00709cab a2200217 4500
001 WB3231-80
008 090401t1996 xxu||||| |||| 00| 0 eng d
035 _a(Sirsi) u69865
041 _aeng
245 _aEstate agents accused of racial discrimination
260 _c1996
350 _a0
490 _aTimes
_v14 August 1996, 5
490 _aHerald
_v14 August 1996, 1&2
520 _aAn Asian couple are accusing a Scottish estate agency of racial discrimination, claiming that they were denied an opportunity to view a house.
650 _aESTATE AGENTS
650 _aRACIAL DISCRIMINATION
690 _aMANAGEMENT-BUSINESS MANAGEMENT-PROFESSIONAL PRACTICE
942 _n0
948 _c04/03/1997
999 _c43927
_d43927